000 00654nam a2200205 a 4500
005 20240910064321.0
008 040216s2001 mx r 000 0 spa d
020 _a970666422X
035 _aUPN01000131878
049 _aCG
050 4 _aLB1027.23
_bG3.3
100 1 _aGalván, Josefa
245 1 0 _aAprendizaje integral :
_bel cómo de la metodología de aprendizaje acelerado creada originalmente por el Dr. Georgi Lozanov /
_cJosefa Galván.
260 _aMéxico :
_bTomo,
_c2001.
300 _a115 p. :
_bil., col.
650 4 _aAprendizaje activo
_91351
650 4 _aAprendizaje
_92861
650 4 _aMétodos de estudio
_94280
905 _aLibro
999 _c104033
_d104033